ZEE d'Europe - Carte Quiz - Statistiques

Statistiques générales
  • Ce quiz a été pris 283 fois
  • Le résultat moyen est 24 sur 30
Réponses sur la Carte
Les réponses sont colorées sur une échelle allant du rouge au vert en fonction du pourcentage des utilisateurs qui les ont devinées à leur premier essai. Vous pouvez retrouver ces pourcentages ci-dessous.
 
Statistiques - réponses
Réponse % Correct
France
90%
Espagne
85%
Russie
85%
Italie
84%
Portugal
84%
Allemagne
82%
Belgique
81%
Finlande
80%
Grèce
80%
Irlande
80%
Lituanie
80%
Croatie
79%
Danemark
79%
Lettonie
79%
Pologne
79%
Royaume-Uni
79%
Ukraine
79%
Bosnie-Herzégovine
78%
Bulgarie
78%
Estonie
78%
Suède
78%
Norvège
77%
Pays-Bas
77%
Roumanie
77%
Albanie
76%
Malte
76%
Slovénie
76%
Islande
73%
Monténégro
70%
Monaco
68%
Aucun quiz correspondant
Distribution des résultats
% des personnes avec chaque résultat
Percentile par nombre de réponses
Votre historique - résultats
Vous n’avez pas pris ce quiz